[Event "Tourn. n8434"]
[Site "www.chess-mail.com"]
[Date "2015.11.17"]
[Round "1"]
[White "Odin"]
[Black "Osopanda"]
[WhiteElo "1850"]
[BlackElo "1850"]
[Result "1-0"]
[Round "1"]
1.d4 Ng8f6
2.c4 g6
3.Ng1f3 Bf8g7
4.e3 d6
5.g3 O-O
6.Bf1g2 c6
7.Nb1d2 Qd8c7
8.O-O e5
9.Nf3g5 h6
10.Ng5f3 Bc8e6
11.b3 Nb8d7
12.dxe5 Nd7xe5
13.Bc1b2 Ra8d8
14.Qd1c2 Ne5xf3
15.Nd2xf3 Be6f5
16.Qc2c3 Nf6e8
17.Qc3d2 Bg7xb2
18.Qd2xb2 f6
19.Nf3h4 Bf5d3
20.Rf1d1 Bd3f5
21.Nh4xf5 gxf5
22.Ra1c1 Kg7
23.Bg2h3 Qc7a5
24.Bh3xf5 Qa5xf5
25.Rd1d4 Qf5g6
26.f3 d5
27.Rd4g4 { resign }
1-0

[Event "Match"]
[Site "www.echecsemail.com"]
[Date "2015.11.17"]
[Round "1"]
[White "Hardland"]
[Black "Masteratches"]
[WhiteElo "1730"]
[BlackElo "1699"]
[Result "0-1"]
[Round "1"]
1.c4 c6
2.Nb1c3 d5
3.cxd5 cxd5
4.d4 Ng8f6
5.Ng1f3 a6
6.g3 Nb8c6
7.Bf1g2 Bc8f5
8.O-O e6
9.Bc1g5 Bf8e7
10.a3 h6
11.Bg5d2 O-O
12.b4 Ra8c8
13.Nf3h4 Bf5h7
 { time }
0-1

[Event "Match"]
[Site "www.echecsemail.com"]
[Date "2015.11.17"]
[Round "1"]
[White "Genius7"]
[Black "Liencam2"]
[WhiteElo "1730"]
[BlackElo "2280"]
[Result "0-1"]
[Round "1"]
1.e4 c5
2.Ng1f3 e6
3.d4 cxd4
4.Nf3xd4 a6
5.c4 Ng8f6
6.Nb1c3 Qd8c7
7.Bf1e2 b6
8.O-O Bc8b7
9.Qd1c2 Bf8e7
10.b3 Nb8c6
11.Nd4xc6 Bb7xc6
12.Bc1b2 d6
13.Ra1d1 Ra8d8
14.Be2f3 O-O
15.Rf1e1 b5
16.cxb5 Bc6xb5
17.Qc2b1 Bb5c6
18.Qb1d3 Nf6d7
19.Nc3e2 a5
20.Rd1c1 Qc7b7
21.Qd3c3 Nd7e5
22.Ne2d4 Bc6b5
23.Nd4xb5 Qb7xb5
24.Bf3e2 Qb5b6
25.Qc3c7 Qb6xc7
26.Rc1xc7 Ne5g6
27.Be2h5 Ng6f4
28.Rc7xe7 Nf4xh5
29.Re1c1 d5
30.g4 Nh5f4
31.Rc1c5 dxe4
32.f3 e3
{ resign }
0-1

[Event "Match"]
[Site "www.echecsemail.com"]
[Date "2015.11.17"]
[Round "1"]
[White "Goosebumps"]
[Black "Crush"]
[WhiteElo "2140"]
[BlackElo "1570"]
[Result "1-0"]
[Round "1"]
1.d4 d5
2.Ng1f3 Nb8c6
3.c4 dxc4
4.e4 e6
5.Nb1c3 Ng8f6
6.Bf1xc4 g6
7.Bc1g5 h6
8.Bg5f4 Bf8g7
9.O-O O-O
10.Qd1d2 b6
11.e5 Nf6d5
12.Bf4xh6 f5
13.Ra1d1 Nd5xc3
14.bxc3 f4
15.Bh6xf4 Bc8b7
16.Bc4xe6 Kh7
17.Nf3g5 Kh8
18.Qd2d3 Rf8xf4
19.Qd3h3 Bg7h6
20.Qh3xh6 
1-0

[Event "Match"]
[Site "www.echecsemail.com"]
[Date "2015.11.17"]
[Round "1"]
[White "Daviko"]
[Black "Wilddog"]
[WhiteElo "1600"]
[BlackElo "1420"]
[Result "1-0"]
[Round "1"]
1.e4 e5
2.f3 d6
3.Nb1c3 Ng8f6
4.Ng1h3 c6
5.Bf1c4 d5
6.Bc4b3 b5
7.O-O d4
8.Nh3g5 Rh8g8
9.Nc3e2 Nb8d7
10.c4 a6
11.cxb5 axb5
12.Bb3xf7 Ke7
13.Bf7xg8 Nf6xg8
14.Qd1b3 Kd6
15.Qb3xg8 Qd8xg5
16.f4 Qg5h6
17.fxe5 Kxe5
18.Rf1f5 Kxe4
19.Ne2g3 Kd3
20.Qg8b3 { resign }
1-0

[Event "Match"]
[Site "www.echecsemail.com"]
[Date "2015.11.17"]
[Round "1"]
[White "Genius7"]
[Black "Raulazo"]
[WhiteElo "1730"]
[BlackElo "1860"]
[Result "1-0"]
[Round "1"]
1.e4 e5
2.Nb1c3 Ng8f6
3.f4 exf4
4.e5 Qd8e7
5.Ng1f3 g6
6.Bf1e2 Nf6g4
7.d4 g5
8.O-O Qe7e6
9.Nf3xg5 Qe6f5
10.Bc1xf4 h5
11.h3 Ng4h6
12.Be2d3 Qf5xh3
13.gxh3 Nb8c6
14.d5 Bf8c5
15.Kh2 Nc6e7
16.e6 fxe6
17.dxe6 dxe6
18.Nc3e4 Bc5d6
19.Bf4xd6 cxd6
20.Ne4xd6 Kd8
21.Ng5f7 Kc7
22.Nf7xh8 Kxd6
23.Rf1f8 Kc7
24.Bd3e4 Ne7c6
25.Be4xc6 bxc6
26.Qd1d8 Kb7
27.Ra1d1 Nh6f5
28.Rd1d3 a5
29.Rd3b3 { resign }
1-0

[Event "Match"]
[Site "www.echecsemail.com"]
[Date "2015.11.17"]
[Round "1"]
[White "Daviko"]
[Black "Carlosto"]
[WhiteElo "1600"]
[BlackElo "1420"]
[Result "0-1"]
[Round "1"]
1.e4 Ng8f6
2.d3 d5
3.e5 Nf6g4
4.d4 Nb8a6
5.Nb1c3 c5
6.f3 Ng4h6
7.Bc1e3 Nh6f5
8.Be3g5 Nf5xd4
9.Ng1h3 Bc8f5
10.Nh3f4 Nd4xc2
11.Kf2 Nc2xa1
12.Qd1xa1 f6
13.Bg5h4 Qd8b6
14.Nc3xd5 Qb6c6
15.Qa1d1 e6
16.Nd5c3 g5
17.g4 Bf5xg4
18.fxg4 c4
19.Bf1g2 Qc6c5
20.Ke2 Qc5xe5
21.Bg2e4 Ra8d8
22.Qd1a4 Kf7
23.Qa4xc4 gxh4
24.Nf4d3 Qe5d4
25.Qc4xd4 Rd8xd4
26.Rh1d1 Bf8d6
27.Be4xb7 Na6c5
28.Bb7e4 Nc5xe4
29.Ke3 Rd4c4
30.b3 Rc4xc3
{ resign }
0-1

[Event "Match"]
[Site "www.echecsemail.com"]
[Date "2015.11.17"]
[Round "1"]
[White "Daviko"]
[Black "Rocio"]
[WhiteElo "1600"]
[BlackElo "1990"]
[Result "0-1"]
[Round "1"]
1.e4 e5
2.Ng1f3 Nb8c6
3.Bf1c4 Ng8f6
4.O-O Bf8c5
5.d4 exd4
6.Bc1g5 Bc5e7
7.Nf3xd4 O-O
8.Rf1e1 d6
9.Nb1c3 Nc6e5
10.Bc4b5 a6
11.Bb5a4 b5
12.Ba4b3 Bc8b7
13.f4 Ne5c4
14.e5 Nf6d7
15.e6 fxe6
16.Nd4xe6 Qd8e8
17.Ne6xf8 Qe8xf8
18.Re1xe7 Qf8f5
19.Qd1h5 Ra8f8
20.Ra1e1 h6
21.g4 Qf5c5
22.Kf1 hxg5
23.Re7xd7 Rf8xf4
24.Ke2 Qc5e3
25.Kd1 Qe3d2
{ resign }
0-1

[Event "Match"]
[Site "www.echecsemail.com"]
[Date "2015.11.17"]
[Round "1"]
[White "Acucar1"]
[Black "Farnation"]
[WhiteElo "1570"]
[BlackElo "1300"]
[Result "1-0"]
[Round "1"]
1.e4 Nb8c6
2.Ng1f3 e5
3.Bf1b5 Ng8f6
4.O-O d5
5.Nf3xe5 a6
6.Ne5xc6 bxc6
7.Bb5xc6 Bc8d7
8.Bc6xa8 Qd8xa8
9.e5 Nf6e4
10.d4 c5
11.f3 cxd4
12.fxe4 dxe4
13.Qd1xd4 f6
14.exf6 gxf6
15.Qd4xf6 Bf8c5
16.Kh1 Bd7c6
17.Qf6xh8 Ke7
18.Qh8e5 Kd7
19.Rf1f7 { resign }
1-0

[Event "Match"]
[Site "www.echecsemail.com"]
[Date "2015.11.17"]
[Round "1"]
[White "Delacey"]
[Black "Heiserman"]
[WhiteElo "1950"]
[BlackElo "2160"]
[Result "1-0"]
[Round "1"]
1.Ng1f3 Ng8f6
2.g3 d5
3.c3 Bc8g4
4.Nf3e5 Qd8d6
5.Ne5xg4 Nf6xg4
6.Qd1a4 Qd6d7
7.Qa4b3 Ng4f6
8.Qb3xb7 Qd7c6
9.Qb7c8 
1-0

[Event "Match"]
[Site "www.echecsemail.com"]
[Date "2015.11.17"]
[Round "1"]
[White "Ericleo1980"]
[Black "Witpar"]
[WhiteElo "2250"]
[BlackElo "2600"]
[Result "0-1"]
[Round "1"]
1.e4 c5
2.Ng1f3 e6
3.d4 cxd4
4.Nf3xd4 Ng8f6
5.Nb1c3 d6
6.Bc1e3 a6
7.f3 b5
8.g4 Bc8b7
9.g5 Nf6d7
10.Qd1d2 Nd7b6
11.Bf1d3 Nb8d7
12.h4 Nd7e5
13.O-O-O Ra8c8
14.Qd2f2 Ne5xd3
15.Rd1xd3 Nb6c4
16.Kb1 b4
17.Nc3a4 Qd8a5
18.b3 Nc4a3
19.Ka1 Bf8e7
20.Rh1c1 O-O
21.c4 Na3xc4
22.Be3f4 d5
23.e5 Nc4xe5
24.Rc1xc8 Ne5xd3
25.Rc8xf8 Be7xf8
26.Qf2e3 Nd3xf4
27.Qe3xf4 Qa5d8
28.Kb1 a5
29.Qf4g4 Qd8c7
30.h5 Bb7a6
31.f4 Ba6d3
32.Kb2 Bf8d6
33.Qg4h3 Bd6xf4
{ resign }
0-1

[Event "1/128 Finale"]
[Site "www.chess-mail.com"]
[Date "2015.11.17"]
[Round "1"]
[White "Bluetealeaf"]
[Black "Chtoubidou"]
[WhiteElo "1750"]
[BlackElo "1930"]
[Result "0-1"]
[Round "1"]
1.e4 d5
2.Bf1d3 dxe4
3.Bd3xe4 Ng8f6
4.f3 e5
5.Ng1e2 Nf6xe4
6.fxe4 Qd8h4
7.Ne2g3 Bc8g4
8.Qd1xg4 Qh4xg4
9.O-O Bf8c5
10.Kh1 O-O
11.d3 Nb8c6
12.c3 h5
13.Nb1d2 Bc5e3
14.Nd2c4 Be3xc1
15.Ra1xc1 b5
16.Nc4e3 Qg4g6
17.Ne3f5 a5
18.b4 Rf8e8
19.Nf5h4 Qg6h7
20.Rf1f5 g6
21.Rf5f6 Re8e6
22.Rf6f3 Nc6e7
23.c4 axb4
24.cxb5 Ra8xa2
25.Rc1xc7 Ra2a1
26.Ng3f1 g5
27.Nh4f5 Ne7xf5
28.Rc7c8 Kg7
29.Kg1 Nf5d4
30.Rf3f2 Re6f6
31.h3 Nd4e2
32.Kh2 Rf6xf2
33.Nf1e3 Ne2d4
34.Kg3 Rf2e2
35.Ne3d5 Ra1g1
36.Nd5e3 Re2xe3
37.Kf2 Re3e1
38.b6 Rg1f1
39.Kg3 h4
40.Kg4 Rf1f4
41.Kxg5 f6

0-1

[Event "1/16 Finale"]
[Site "www.chess-mail.com"]
[Date "2015.11.17"]
[Round "1"]
[White "Hennie4820"]
[Black "Amaya"]
[WhiteElo "2010"]
[BlackElo "2050"]
[Result "0-1"]
[Round "1"]
1.e4 e6
2.d4 d5
3.Nb1d2 Ng8e7
4.Bf1d3 Nb8c6
5.Ng1f3 g6
6.O-O Bf8g7
7.c3 O-O
8.e5 f6
9.Rf1e1 fxe5
10.Nf3xe5 Nc6xe5
11.dxe5 Ne7c6
12.Nd2f3 Bc8d7
13.Bc1g5 Qd8e8
14.a4 a6
15.b4 Nc6d8
16.c4 Nd8f7
17.Bg5f4 c6
18.Bf4g3 Qe8e7
19.Qd1d2 Bg7h6
20.Qd2c2 Nf7d8
21.Nf3h4 Bd7e8
22.c5 Nd8f7
23.Bd3xg6 hxg6
24.Nh4xg6 Qe7g5
25.h4 Qg5d2
26.Qc2xd2 Bh6xd2
27.Re1b1 Bd2c3
28.Ng6xf8 Bc3xa1
29.Nf8xe6 Ba1xe5
30.Bg3xe5 Nf7xe5
31.f4 Ne5g6
32.g3 Be8d7
33.Ne6g5 Ra8e8
34.Kf2 Bd7f5
35.Rb1b2 Bf5d3
36.h5 Ng6h8
37.Rb2d2 Bd3c4
38.h6 Nh8f7
39.h7 Kg7
40.Ng5xf7 Kxf7
41.g4 Kg7
42.g5 Kxh7
43.Kg3 Kg6
44.Kg4 Re8e4
45.Kf3 Kf5
{ resign }
0-1

[Event "Eq:Los Tercios-chibcha : "]
[Site "www.chess-mail.com"]
[Date "2015.11.17"]
[Round "1"]
[White "Lopez"]
[Black "Carazo"]
[WhiteElo "2050"]
[BlackElo "1940"]
[Result "1-0"]
[Round "1"]
1.e4 e5
2.Ng1f3 Nb8c6
3.Bf1b5 Qd8e7
4.O-O Nc6d4
5.Nf3xd4 exd4
6.d3 a6
7.Bb5a4 b5
8.Ba4b3 Bc8b7
9.Bc1f4 d6
10.e5 O-O-O
11.exd6 cxd6
12.Rf1e1 Qe7f6
13.Qd1g4 Kb8
14.Bf4g5 Qf6g6
15.Bb3xf7 h5
16.Bf7xg6 hxg4
17.Bg5xd8 Bb7c6
18.Nb1d2 d5
19.Nd2b3 Rh8h6
20.Bg6f7 Ng8f6
21.Nb3xd4 Kb7
22.Nd4xc6 Kxc6
23.Re1e6 Kc5
24.Bd8xf6 gxf6
25.Re6xa6 Rh6h7
26.Bf7e6 Rh7g7
27.Ra6a8 Bf8d6
28.Ra8g8 Rg7e7
29.Be6xg4 Re7h7
30.h3 Bd6e5
31.c3 b4
32.d4 Kc4
33.dxe5 fxe5
34.cxb4 Kxb4
35.Rg8g5 Rh7e7
36.Ra1e1 d4
37.Rg5xe5 { resign }
1-0

[Event "Eq:La Taverne-chibcha : "]
[Site "www.chess-mail.com"]
[Date "2015.11.17"]
[Round "1"]
[White "Carazo"]
[Black "Traub"]
[WhiteElo "1870"]
[BlackElo "1720"]
[Result "1-0"]
[Round "1"]
1.e4 c5
2.Ng1f3 d6
3.Bf1c4 Nb8c6
4.Nf3g5 Ng8h6
5.Qd1f3 Nc6e5
6.Qf3b3 e6
7.d4 cxd4
8.Bc4b5 Ne5c6
9.Ng5f3 e5
10.Bc1xh6 gxh6
{ time. }
1-0

[Event "Eq:La Taverne-Team USA : "]
[Site "www.chess-mail.com"]
[Date "2015.11.17"]
[Round "1"]
[White "Tomcapp"]
[Black "Traub"]
[WhiteElo "1630"]
[BlackElo "1720"]
[Result "1-0"]
[Round "1"]
1.e4 c6
2.d4 d5
3.exd5 cxd5
4.Nb1c3 e6
5.Bf1d3 Nb8c6
6.Bc1f4 Bf8b4
7.Ng1e2 Ng8e7
8.Bd3b5 f5
9.Bf4e5 Kf7
{ time. }
1-0

[Event "Fast Game"]
[Site "www.echecsemail.com"]
[Date "2015.11.17"]
[Round "1"]
[White "Yangqi"]
[Black "Goosebumps"]
[WhiteElo "1970"]
[BlackElo "1829"]
[Result "1-0"]
[Round "1"]
1.e4 e5
2.f4 Bf8c5
3.Ng1f3 d5
4.Nf3xe5 dxe4
5.Qd1h5 g6
6.Ne5xg6 fxg6
7.Qh5xc5 Nb8d7
8.Qc5d4 Ng8f6
9.b3 c5
10.Qd4d6 Qd8b6
11.Qd6xb6 Nd7xb6
12.Bc1a3 Nb6d7
13.Nb1c3 b6
14.Ba3b2 Rh8f8
15.Bf1c4 Bc8b7
16.O-O a6
17.a4 Ra8d8
18.Ra1e1 Nd7b8
19.d3 Rd8d4
20.Nc3xe4 Rd4xe4
21.dxe4 Kd8
22.Bb2xf6 Rf8xf6
23.f5 Nb8c6
24.fxg6 Rf6xf1
25.Re1xf1 hxg6
26.Bc4d5 Nc6a5
27.Rf1f6 { resign }
1-0

[Event "Tourn. n8451"]
[Site "www.chess-mail.com"]
[Date "2015.11.18"]
[Round "1"]
[White "Cheminet"]
[Black "Dulap"]
[WhiteElo "1720"]
[BlackElo "1619"]
[Result "0-1"]
[Round "1"]
1.e4 e5
2.Ng1f3 Nb8c6
3.Bf1c4 Bf8c5
4.d3 Ng8f6
5.Bc1g5 d6
6.Nb1c3 Bc8e6
7.Bg5xf6 Qd8xf6
8.Nc3d5 Be6xd5
9.Bc4xd5 Nc6d4
10.Nf3xd4 Bc5xd4
11.Qd1d2 c6
12.Bd5b3 Bd4xb2
13.Ra1b1 Bb2d4
14.O-O O-O
15.Kh1 a5
16.f4 a4
17.fxe5 Qf6xe5
18.Rf1f5 Qe5e7
19.c3 axb3
20.cxd4 bxa2
21.Rb1a1 Qe7e6
22.Rf5a5 Qe6f6
23.Ra5xa2 Ra8xa2
24.Qd2xa2 Qf6xd4
25.Ra1d1 Rf8e8
26.Rd1f1 Re8f8
27.Qa2b1 b5
28.h3 h6
29.Qb1d1 c5
30.Rf1f5 Rf8e8
31.Rf5d5 Qd4f6
32.Qd1b3 b4
33.Rd5f5 Qf6e6
34.Qb3d1 b3
35.Rf5f2 Re8b8
36.Qd1a1 Qe6d7
{ resign }
0-1

[Event "Tourn. n8416"]
[Site "www.chess-mail.com"]
[Date "2015.11.18"]
[Round "1"]
[White "Comrade"]
[Black "Norlavuaram"]
[WhiteElo "2070"]
[BlackElo "2150"]
[Result "1-0"]
[Round "1"]
1.c4 Ng8f6
2.Nb1c3 g6
3.d4 Bf8g7
4.e4 d6
5.Ng1f3 O-O
6.Bf1e2 e5
7.dxe5 dxe5
8.Qd1xd8 Rf8xd8
9.O-O c6
10.b3 Rd8e8
11.Bc1b2 Nb8d7
12.b4 b6
13.Ra1d1 Bc8b7
14.a3 h6
15.Rd1d2 Nd7f8
16.Be2d3 Ra8d8
17.Rf1d1 Bb7c8
18.Nc3e2 Nf6h7
19.Bd3c2 Rd8xd2
20.Rd1xd2 Nf8d7
21.Bc2a4 Re8e6
22.Ba4b3 Re6e7
23.Rd2d6 Nh7f8
24.Rd6xc6 Bc8b7
25.Rc6c7 Bb7xe4
26.Ne2c3 Be4xf3
27.gxf3 Nf8e6
28.Rc7xa7 Ne6d4
29.Nc3d5 Re7e6
30.Bb2xd4 exd4
31.Ra7xd7 d3
32.Nd5f4 Re6e1
33.Kg2 Re1b1
34.Rd7xd3 Bg7e5
35.Nf4d5 { resign }
1-0

[Event "Tourn. n8376"]
[Site "www.chess-mail.com"]
[Date "2015.11.18"]
[Round "1"]
[White "Numanoid"]
[Black "Tartan"]
[WhiteElo "2500"]
[BlackElo "2490"]
[Result "1-0"]
[Round "1"]
1.e4 e6
2.d4 d5
3.e5 c5
4.c3 Nb8c6
5.Ng1f3 Bc8d7
6.Bf1e2 f6
7.O-O Qd8c7
8.Rf1e1 O-O-O
9.Bc1f4 g5
10.Bf4g3 Qc7b6
11.exf6 Qb6xb2
12.Nb1d2 Qb2xc3
13.dxc5 g4
14.Nf3g5 Qc3xf6
15.Ra1b1 Bf8xc5
16.Qd1b3 Bc5b6
17.Ng5e4 dxe4
18.Nd2c4 { resign }
1-0

[Event "Tourn. n8472"]
[Site "www.chess-mail.com"]
[Date "2015.11.18"]
[Round "1"]
[White "Fred"]
[Black "Wegaman"]
[WhiteElo "2030"]
[BlackElo "1960"]
[Result "1-0"]
[Round "1"]
1.e4 e6
2.f4 d5
3.e5 f6
4.Ng1f3 Nb8c6
5.d4 Bc8d7
6.Bf1d3 fxe5
7.fxe5 Ng8e7
8.O-O Ne7g6
9.Nf3g5 Qd8e7
10.c3 h6
11.Qd1h5 O-O-O
12.Ng5f7 { resign }
1-0

[Event "Tourn. n8475"]
[Site "www.chess-mail.com"]
[Date "2015.11.18"]
[Round "1"]
[White "Faerieking"]
[Black "Gmscalpel"]
[WhiteElo "2310"]
[BlackElo "2400"]
[Result "1-0"]
[Round "1"]
1.e4 e5
2.d4 exd4
3.c3 dxc3
4.Bf1c4 cxb2
5.Bc1xb2 Nb8c6
6.Ng1e2 Ng8f6
7.O-O Nf6xe4
8.Bc4xf7 Kxf7
9.Qd1d5 Ke7
10.Qd5xe4 Kd6
11.Bb2a3 Nc6b4
12.Ba3xb4 c5
13.Rf1d1 Kc7
14.Bb4a5 b6
15.Qe4xa8 Bc8b7
16.Qa8xd8 Kxd8
17.Ba5e1 d5
18.Nb1c3 d4
19.Ra1c1 a5
20.a4 h5
21.Nc3b5 Bf8e7
22.Nb5xd4 cxd4
23.Ne2xd4 Ke8
24.Rc1c7 Be7b4
25.Nd4e6 { resign }
1-0

[Event "Tourn. n8465"]
[Site "www.chess-mail.com"]
[Date "2015.11.18"]
[Round "1"]
[White "Orhany24"]
[Black "Goosebumps"]
[WhiteElo "2010"]
[BlackElo "2050"]
[Result "0-1"]
[Round "1"]
1.e4 e6
2.d4 d5
3.exd5 exd5
4.c4 Nb8c6
5.Nb1c3 dxc4
6.Bf1xc4 Qd8xd4
7.Qd1xd4 Nc6xd4
8.Bc4d3 c6
9.Ng1e2 Nd4xe2
10.Bd3xe2 Ng8f6
11.O-O Bf8e7
12.Bc1g5 O-O
13.Rf1e1 Rf8e8
14.Ra1d1 Bc8e6
15.h3 h6
16.Bg5h4 Nf6d5
17.Nc3xd5 Be6xd5
18.Bh4g3 Be7b4
{ resign }
0-1

[Event "Tourn. n8434"]
[Site "www.chess-mail.com"]
[Date "2015.11.18"]
[Round "1"]
[White "Malbertan"]
[Black "Odin"]
[WhiteElo "2080"]
[BlackElo "1850"]
[Result "1-0"]
[Round "1"]
1.b4 e5
2.Bc1b2 d6
3.d3 Ng8f6
4.Nb1d2 Bc8g4
5.Ng1f3 Nb8c6
6.b5 Nc6e7
7.h3 Bg4h5
8.g4 Bh5g6
9.Nf3h4 c6
10.Nh4xg6 Ne7xg6
11.Bf1g2 Ng6f4
12.Bg2f3 Qd8b6
13.Nd2c4 Qb6xb5
14.a4 Qb5c5
15.Bb2a3 Qc5d4
16.Ba3b4 a5
17.c3 Qd4a7
18.Bb4xd6 Ra8d8
19.Bd6xf8 Kxf8
20.Nc4xe5 g5
21.Qd1b3 Nf6d5
22.c4 Nd5b4
23.c5 Nf4e6
24.Ra1c1 Qa7b8
25.Ne5c4 Ne6d4
26.Qb3c3 Nd4xf3
27.exf3 Nb4xd3
28.Kf1 Nd3xc1
29.Qc3xh8 Ke7
30.Qh8xh7 Qb8f4
31.Qh7e4 Qf4xe4
32.fxe4 Rd8d1
33.Kg2 Rd1xh1
34.Kxh1 Nc1b3
35.Kg2 f6
36.Kf3 Ke6
37.Ke3 Nb3xc5
38.Nc4xa5 Kd6
39.Na5c4 Kd7
40.a5 Nc5b3
41.f4 gxf4
42.Kxf4 Ke6
43.h4 Nb3d4
44.h5 Kf7
45.Nc4d6 Ke6
46.Nd6xb7 Kd7
47.h6 Nd4e6
48.Kf5 c5
49.h7 c4
50.h8Q c3
51.Qh8xf6 c2
52.Qf6xe6 Kc7
53.Qe6c4 Kxb7
54.a6 { resign }
1-0

[Event "Tourn. n8480"]
[Site "www.chess-mail.com"]
[Date "2015.11.18"]
[Round "1"]
[White "Francesco"]
[Black "Malbertan"]
[WhiteElo "1940"]
[BlackElo "2060"]
[Result "1-0"]
[Round "1"]
1.e4 e5
2.Ng1f3 Nb8c6
3.Bf1b5 f5
4.exf5 Ng8f6
5.O-O Bf8c5
6.Rf1e1 d6
7.d4 Bc5b6
8.dxe5 dxe5
9.Qd1xd8 Kxd8
10.Bb5xc6 bxc6
11.Nf3xe5 { resign }
1-0

[Event "Match"]
[Site "www.echecsemail.com"]
[Date "2015.11.18"]
[Round "1"]
[White "Micheles"]
[Black "Jasmartin"]
[WhiteElo "2530"]
[BlackElo "1770"]
[Result "1-0"]
[Round "1"]
1.d4 g6
2.e4 Bf8g7
3.Nb1c3 d6
4.Bc1e3 c6
5.Qd1d2 Nb8d7
6.Ng1f3 h6
7.Bf1d3 e6
8.O-O Nd7b6
9.e5 Ng8e7
10.Nc3e4 Ne7f5
11.g4 Nf5h4
12.Nf3xh4 Qd8xh4
13.Ne4xd6 Kd7
14.f3 Nb6d5
15.Nd6xf7 Rh8f8
16.Bd3xg6 Nd5xe3
17.Qd2xe3 b6
18.Qe3a3 Qh4e7
19.Nf7d6 Rf8f4
20.Bg6e4 Bg7f8
21.Qa3c3 Rf4xe4
22.fxe4 Bc8a6
23.Rf1f7 Qe7xf7
24.Nd6xf7 Ra8c8
25.Qc3e3 Bf8g7
26.Qe3a3 { resign }
1-0

[Event "Match"]
[Site "www.echecsemail.com"]
[Date "2015.11.18"]
[Round "1"]
[White "Coraza8091"]
[Black "Hundegana"]
[WhiteElo "1659"]
[BlackElo "1980"]
[Result "1-0"]
[Round "1"]
1.e4 c5
2.Bf1c4 e6
3.Ng1f3 d6
4.d3 a6
5.Bc1g5 f6
6.Bg5h4 g5
7.Bh4g3 Nb8c6
8.Nf3d2 h5
9.f4 g4
10.Qd1e2 Nc6d4
11.Qe2d1 b5
12.Bc4b3 Nd4xb3
13.Nd2xb3 e5
14.f5 Bf8h6
15.O-O Qd8b6
16.Kh1 c4
17.dxc4 bxc4
18.Bg3f2 Qb6c7
19.Nb3d2 Ra8b8
20.b3 c3
21.Nd2c4 Bh6f8
22.Nb1xc3 Bc8b7
23.a4 Ng8h6
24.Bf2h4 Bf8e7
25.Rf1e1 Kf7
26.h3 Rb8g8
27.Nc3d5 Bb7xd5
28.Qd1xd5 Kg7
29.Qd5e6 Qc7c8
30.Qe6xe7 Nh6f7
31.Nc4xd6 Qc8f8
32.Qe7xf6 Kh7
33.Nd6xf7 gxh3
34.Nf7g5 Rg8xg5
35.Qf6xg5 hxg2
36.Kg1 Qf8c5
37.Kxg2 Rh8g8
38.Qg5xg8 Kxg8
39.c4 Kh7
40.f6 Kg6
41.Re1g1 Kf7
42.Kf3 Qc5d4
43.Rg1g7 Kf8
44.Ra1g1 Qd4d3
45.Kg2 Qd3xe4
46.Kh3 Qe4f5
47.Kh2 Qf5c2
48.Rg1g2 Qc2xb3
49.Rg7g8 Kf7
50.Rg2g7 Ke6
51.f7 Qb3c2
52.Kh3 Qc2f5
53.Kh2 Qf5f4
54.Kh3 Qf4f1
55.Kh2 Qf1f4
56.Bh4g3 Qf4d2
57.Kh3 Qd2d1
58.Rg8e8 Kf5
59.f8Q Ke4
60.Re8xe5 Kd3
61.Rg7d7 { resign }
1-0

[Event "Match"]
[Site "www.echecsemail.com"]
[Date "2015.11.18"]
[Round "1"]
[White "Ztornad"]
[Black "Pablincho"]
[WhiteElo "1730"]
[BlackElo "1880"]
[Result "1-0"]
[Round "1"]
1.e4 e6
2.Ng1f3 d5
3.Bf1b5 Bc8d7
4.Qd1e2 a6
5.Bb5xd7 Nb8xd7
6.b3 Bf8e7
7.Bc1b2 Ng8f6
{ time. }
1-0

[Event "Match"]
[Site "www.echecsemail.com"]
[Date "2015.11.18"]
[Round "1"]
[White "Jhw"]
[Black "Wagner"]
[WhiteElo "1890"]
[BlackElo "1710"]
[Result "1-0"]
[Round "1"]
1.Ng1f3 d6
2.e3 e5
3.c4 Bf8e7
4.d4 e4
5.Nf3d2 Be7g5
6.Nd2xe4 Ng8h6
7.Qd1h5 Bc8g4
8.Qh5xg5 Qd8xg5
9.Ne4xg5 Nb8c6
10.h3 Bg4f5
11.Bc1d2 O-O
12.g4 Bf5g6
13.Bf1g2 f6
14.Ng5e6 Rf8c8
15.d5 Nc6e5
16.O-O Bg6f7
17.Nb1c3 c6
18.b3 g5
19.Nc3e4 Bf7xe6
20.dxe6 Rc8e8
21.Ne4xf6 Kg7
22.Nf6xe8 Ra8xe8
23.f4 gxf4
24.exf4 Ne5d3
25.f5 Kf6
26.Bd2xh6 { resign }
1-0

[Event "Match"]
[Site "www.echecsemail.com"]
[Date "2015.11.18"]
[Round "1"]
[White "Jaguar91"]
[Black "Heiserman"]
[WhiteElo "2080"]
[BlackElo "2090"]
[Result "0-1"]
[Round "1"]
1.e4 c6
2.d4 d5
3.e5 Bc8f5
4.g4 Bf5e4
5.f3 Be4g6
6.h4 h6
7.Nb1c3 e6
8.Qd1e2 c5
9.Bc1e3 cxd4
10.Be3xd4 Nb8c6
11.Bd4f2 Bf8b4
12.O-O-O Bb4xc3
13.bxc3 Qd8a5
14.Qe2b5 Qa5xc3
15.Bf1d3 Bg6xd3
16.Rd1xd3 Qc3a1
17.Kd2 Ng8e7
18.Rh1h2 a6
19.Qb5a4 b5
20.Qa4f4 Ne7g6
{ resign }
0-1

[Event "Match"]
[Site "www.echecsemail.com"]
[Date "2015.11.18"]
[Round "1"]
[White "Ericleo1980"]
[Black "Jasmartin"]
[WhiteElo "2340"]
[BlackElo "1770"]
[Result "1-0"]
[Round "1"]
1.e4 g6
2.d4 Bf8g7
3.Nb1c3 d6
4.Bc1e3 c6
5.a4 e6
6.Qd1d2 h6
7.Ng1f3 Nb8d7
8.a5 a6
9.Bf1d3 g5
10.h3 Nd7f6
11.O-O g4
12.hxg4 Nf6xg4
13.Be3f4 Ng8f6
14.e5 Nf6d5
15.Nc3e4 h5
16.Ne4xd6 Ke7
17.Bf4g5 f6
18.Bg5h4 Kd7
19.Nd6e4 Bg7h6
20.Qd2e1 Rh8g8
21.c4 Qd8f8
22.cxd5 Qf8g7
23.exf6 Qg7f7
24.dxe6 { resign }
1-0

[Event "Match"]
[Site "www.echecsemail.com"]
[Date "2015.11.18"]
[Round "1"]
[White "Drdoom"]
[Black "Farnation"]
[WhiteElo "1790"]
[BlackElo "1220"]
[Result "1-0"]
[Round "1"]
1.e4 e5
2.Ng1f3 Ng8f6
3.d3 Bf8c5
4.h3 d5
5.Nb1c3 O-O
6.Bc1g5 dxe4
7.Nc3xe4 b6
8.Nf3xe5 Rf8e8
9.Ne5f3 h6
10.Bg5xf6 gxf6
11.Bf1e2 Bc5b4
12.c3 Bb4a5
13.b4 f5
14.Ne4d2 Ba5xb4
15.cxb4 Nb8c6
16.a3 a5
17.O-O axb4
18.Rf1e1 bxa3
19.Qd1c1 Nc6b4
20.Qc1b1 Nb4xd3
21.Be2xd3 c5
22.Re1xe8 Qd8xe8
23.Qb1xb6 c4
24.Nd2xc4 a2
25.Qb6b3 Bc8d7
26.Ra1xa2 Ra8b8
27.Qb3c2 Bd7c6
28.Bd3xf5 Qe8f8
29.Nf3e5 Bc6b7
30.Ne5d7 Qf8e8
31.Nd7xb8 Qe8xb8
32.Qc2d3 Qb8c7
33.Ra2e2 Qc7c6
34.f3 Bb7c8
35.Bf5xc8 Qc6xc8
36.Nc4d6 Qc8c1
37.Kh2 f5
38.Qd3xf5 Qc1d1
39.Re2e8 Kg7
40.Qf5f7 { resign }
1-0

[Event "Match"]
[Site "www.echecsemail.com"]
[Date "2015.11.18"]
[Round "1"]
[White "Wilddog"]
[Black "Carlosto"]
[WhiteElo "1420"]
[BlackElo "1420"]
[Result "0-1"]
[Round "1"]
1.d4 d5
2.Nb1c3 e6
3.e4 Bf8b4
4.exd5 exd5
5.a3 Bb4a5
6.b4 Ba5b6
7.Ng1f3 Nb8c6
8.Bc1e3 Qd8e7
9.Bf1d3 Bc8g4
10.Nc3xd5 Qe7e6
11.Nd5f4 Qe6e7
12.O-O O-O-O
13.c4 Bb6xd4
14.b5 Bd4xa1
15.Qd1xa1 Rd8xd3
16.Be3d2 Rd3d8
17.bxc6 bxc6
18.Nf3d4 Qe7e5
19.Rf1e1 Qe5xd4
20.Qa1c3 Qd4xd2
21.Qc3xd2 Rd8xd2
22.h3 Bg4f5
23.Nf4h5 Ng8f6
24.Nh5xg7 Bf5d3
25.Re1c1 Rh8g8
{ resign }
0-1

[Event "Match"]
[Site "www.echecsemail.com"]
[Date "2015.11.18"]
[Round "1"]
[White "Schwiizer"]
[Black "Jacks"]
[WhiteElo "2790"]
[BlackElo "2820"]
[Result "1/2-1/2"]
[Round "1"]
1.e4 c5
2.Ng1f3 Nb8c6
3.d4 cxd4
4.Nf3xd4 Ng8f6
5.Nb1c3 e5
6.Nd4b5 d6
7.Bc1g5 a6
8.Nb5a3 b5
9.Nc3d5 Bf8e7
10.Bg5xf6 Be7xf6
11.c3 O-O
12.Na3c2 Bf6g5
13.a4 bxa4
14.Ra1xa4 a5
15.Nc2e3 Bc8e6
16.Bf1c4 Nc6b8
17.Qd1c2 Nb8d7
18.O-O Nd7c5
19.Ra4a1 a4
20.Ra1d1 g6
21.Kh1 Ra8b8
22.f3 Rb8b7
23.g3 Qd8b8
24.Rf1f2 Kh8
25.Rf2g2 Be6h3
{ draw }
1/2-1/2

[Event "1/128 Finale"]
[Site "www.chess-mail.com"]
[Date "2015.11.18"]
[Round "1"]
[White "Naujzaid"]
[Black "Attatroll"]
[WhiteElo "1900"]
[BlackElo "2000"]
[Result "1/2-1/2"]
[Round "1"]
1.d4 f5
2.e4 fxe4
3.Nb1c3 Ng8f6
4.Bc1g5 g6
5.h4 Bf8g7
6.h5 h6
7.Bg5xf6 exf6
8.hxg6 Nb8c6
9.Bf1c4 d6
10.Bc4f7 Kf8
11.Ng1e2 Bc8f5
12.Ne2g3 Qd8d7
13.Qd1d2 Nc6d8
14.Ng3xf5 Qd7xf5
15.Bf7d5 Qf5xg6
16.Bd5xe4 Qg6g4
17.f3 Qg4d7
18.O-O-O Nd8c6
19.Nc3e2 a5
20.Ne2g3 Nc6b4
21.Kb1 Qd7a4
22.a3 Nb4c6
23.Ng3f5 Nc6e7
24.Nf5xh6 d5
25.Be4d3 Qa4xd4
26.Nh6f5 Ne7xf5
27.Rh1xh8 Bg7xh8
28.Bd3xf5 Qd4xd2
29.Rd1xd2 c6
30.Rd2e2 Ra8e8
31.Re2xe8 Kxe8
32.c3 { draw }
1/2-1/2

[Event "1/32 Finale"]
[Site "www.chess-mail.com"]
[Date "2015.11.18"]
[Round "1"]
[White "Bojan"]
[Black "E4player"]
[WhiteElo "2070"]
[BlackElo "2670"]
[Result "0-1"]
[Round "1"]
1.e4 c5
2.Ng1f3 g6
3.d4 cxd4
4.Qd1xd4 Ng8f6
5.e5 Nb8c6
6.Qd4h4 Nc6xe5
7.Nb1d2 Qd8c7
8.c3 Bf8g7
9.Bf1e2 d5
10.Nf3d4 Bc8d7
11.Nd2f3 Ne5xf3
12.Nd4xf3 Nf6e4
13.O-O h6
14.Qh4f4 e5
15.Qf4e3 Ne4d6
16.Nf3xe5 Nd6f5
17.Qe3d3 Qc7xe5
18.Rf1e1 O-O
19.Bc1d2 Qe5e4
20.Qd3xe4 dxe4
21.Bd2f4 Bd7c6
22.Be2g4 Nf5e7
23.Ra1d1 Ra8d8
24.Bf4c7 Rd8xd1
25.Re1xd1 Ne7d5
26.Bc7g3 f5
27.Bg4e2 f4
28.Be2c4 fxg3
29.Bc4xd5 Bc6xd5
30.Rd1xd5 Rf8xf2
31.hxg3 Rf2xb2
32.Rd5d7 Bg7xc3
33.Rd7e7 e3
34.Re7xe3 Bc3d4
{ resign }
0-1